[Event "Online Olym Top DivA 2021"]
[Site "chess.com INT"]
[Date "2021.09.09"]
[Round "4.2"]
[Board "2"]
[White "Ervan, Mohamad"]
[Black "Banikas, Hristos"]
[Result "0-1"]
[WhiteTitle "IM"]
[BlackTitle "GM"]
[WhiteElo "2356"]
[BlackElo "2606"]
[WhiteTeam "Indonesia"]
[BlackTeam "Greece"]
[WhiteFideId "7102135"]
[BlackFideId "4202031"]
[EventDate "2021.09.08"]
[EventType "team"]

1. e4 c5 2. Nf3 d6 3. d4 cxd4 4. Nxd4 Nf6 5. Nc3 a6 6. Be3 Ng4 7. Bg5 h6 8. Bh4
g5 9. Bg3 Bg7 10. Be2 h5 11. h4 gxh4 12. Bxh4 Nc6 13. Nb3 Be6 14. Qd2 Rc8 15. f3
Nge5 16. Nd5 b5 17. Bf2 Nc4 18. Bxc4 bxc4 19. Nd4 Bxd5 20. exd5 c3 21. bxc3 Ne5
22. O-O Qa5 23. Nf5 Bf6 24. Rae1 Rg8 25. Bd4 Qxd5 26. Qe2 Kf8 27. f4 Nf3+ 28.
Rxf3 Qxf5 29. Bxf6 Qxf6 30. Qxa6 Re8 31. Qd3 h4 32. a4 Rg4 33. Qe4 Kg7 34. a5 e6
35. Qd4 Ra8 36. Ra1 Ra6 37. Qxf6+ Kxf6 38. Kf2 Kf5 39. Ra4 d5 40. c4 dxc4 41.
Ke3 Rxg2 42. c3 Kg4 43. f5 exf5 44. Rxc4+ Kg5 45. Rc5 Re6+ 46. Kd3 Rf6 47. Rc8
Kg4 48. Rf1 h3 49. Rg8+ Rg6 50. Rh8 h2 51. Rh1 Kg3 52. Kc4 f4 53. Kb5 Rb2+ 54.
Kc4 f3 55. Rh5 Rg2 56. Kb5 Rb2+ 57. Kc4 f2 58. R5xh2 Re2 59. Rh3+ Kf4 60. Rh4+
Kf3 61. R4h3+ Rg3 62. Rh5 Re1 63. Rf5+ Kg2 64. Rh2+ Kxh2 65. Rxf2+ Kh3 66. Rxf7
Rc1 67. a6 Rgxc3+ 68. Kb5 Rb1+ 69. Ka4 Rc2 70. Rf3+ Kg4 71. Ra3 Rc4+ 72. Ka5
Rc5+ 73. Ka4 Rbb5 74. Rc3 Ra5+ 75. Kb4 Rcb5+ 76. Kc4 Rb6 0-1

[Event "Online Olym Top DivA 2021"]
[Site "chess.com INT"]
[Date "2021.09.09"]
[Round "4.2"]
[Board "3"]
[White "Tsolakidou, Stavroula"]
[Black "Sukandar, Irine Kharisma"]
[Result "1-0"]
[WhiteTitle "IM"]
[BlackTitle "IM"]
[WhiteElo "2377"]
[BlackElo "2406"]
[WhiteTeam "Greece"]
[BlackTeam "Indonesia"]
[WhiteFideId "4264312"]
[BlackFideId "7101937"]
[EventDate "2021.09.08"]
[EventType "team"]

1. d4 Nf6 2. c4 e6 3. g3 d5 4. Bg2 dxc4 5. Nf3 Nc6 6. Qa4 Bb4+ 7. Bd2 Nd5 8. Qb5
Bxd2+ 9. Nbxd2 c3 10. bxc3 Nxc3 11. Qd3 Nd5 12. O-O O-O 13. Rfc1 Qe7 14. e3 Rd8
15. Nc4 Bd7 16. Rab1 Rab8 17. h4 h6 18. Qc2 Be8 19. Nfe5 Nxe5 20. Nxe5 f6 21.
Nd3 c6 22. Qc5 b6 23. Qc4 Rbc8 24. Bf3 Qd6 25. Kg2 Bf7 26. Qa4 e5 27. e4 Ne7 28.
Qxa7 exd4 29. Qxb6 Bxa2 30. Ra1 Bf7 31. Ra7 Rb8 32. Qa5 Rb5 33. Qa6 Rb3 34. Nc5
Rc3 35. Nb7 Bc4 36. Qa5 Rxc1 37. Nxd6 Rxd6 38. Rxe7 Bf1+ 39. Kh2 Rc2 40. Re8+
Kf7 41. Bh5+ g6 42. Bxg6+ Kxg6 43. Qf5+ Kg7 44. Qg4+ Kf7 45. Qg8# 1-0

[Event "Online Olym Top DivA 2021"]
[Site "chess.com INT"]
[Date "2021.09.09"]
[Round "4.2"]
[Board "4"]
[White "Aulia, Medina Warda"]
[Black "Pavlidou, Ekaterini"]
[Result "1-0"]
[WhiteTitle "IM"]
[BlackTitle "WIM"]
[WhiteElo "2367"]
[BlackElo "2169"]
[WhiteTeam "Indonesia"]
[BlackTeam "Greece"]
[WhiteFideId "7101570"]
[BlackFideId "4213262"]
[EventDate "2021.09.08"]
[EventType "team"]

1. e4 c5 2. Nf3 Nc6 3. d4 cxd4 4. Nxd4 e5 5. Nb5 d6 6. N1c3 a6 7. Na3 Be6 8. Nc4
b5 9. Ne3 g6 10. g3 Bg7 11. Bg2 Nge7 12. O-O O-O 13. Ncd5 Rc8 14. c3 f5 15. exf5
gxf5 16. f4 e4 17. Kh1 Nxd5 18. Nxd5 Ne7 19. Nb4 a5 20. Nc2 Qc7 21. Nd4 Bc4 22.
Re1 b4 23. cxb4 Qb6 24. Be3 Qxb4 25. g4 Bd3 26. Ne6 Bxb2 27. Nxf8 Rxf8 28. gxf5
Bxa1 29. Qxa1 Nxf5 30. Bh3 Qb5 31. Rg1+ Kf7 32. Rg5 Ke6 33. Qg7 Qb1+ 34. Rg1 Qb8
35. Qxh7 Qc8 36. Rg5 Kd5 37. Bxf5 Qc2 38. Bxe4+ Kc4 39. Qc7+ 1-0

[Event "Online Olym Top DivA 2021"]
[Site "chess.com INT"]
[Date "2021.09.09"]
[Round "4.2"]
[Board "5"]
[White "Mitsis, Georgios"]
[Black "Arfan, Aditya Bagus"]
[Result "0-1"]
[BlackTitle "CM"]
[WhiteElo "2355"]
[BlackElo "2274"]
[WhiteTeam "Greece"]
[BlackTeam "Indonesia"]
[WhiteFideId "4295676"]
[BlackFideId "7106041"]
[EventDate "2021.09.08"]
[EventType "team"]

1. d4 d5 2. Nf3 Nf6 3. c4 c6 4. e3 Bf5 5. Nc3 e6 6. Nh4 Bg6 7. Be2 Nbd7 8. O-O
Bd6 9. Nxg6 hxg6 10. g3 O-O 11. Bd2 dxc4 12. Bxc4 e5 13. dxe5 Bxe5 14. Qc2 Qe7
15. a3 Rad8 16. Rad1 Rfe8 17. Qxg6 Bc7 18. Qc2 Ne5 19. Be2 Qe6 20. Kg2 Rd7 21.
Bc1 Rxd1 22. Rxd1 Neg4 23. h3 Nxf2 24. Kxf2 Qxh3 25. Rg1 Re5 26. e4 Bb6+ 27. Be3
Qh2+ 28. Rg2 Bxe3+ 29. Kf3 Qh1 30. Bc4 Bb6 31. Qd3 Qh5+ 32. g4 Qh3+ 33. Rg3 Qh1+
34. Rg2 Re7 35. Qd2 Nd7 36. Kg3 Ne5 37. Be2 Bc7 38. Kf2 Qh3 39. Kf1 Re6 40. g5
Qh1+ 41. Kf2 Rd6 42. Qf4 Ng6 43. Qf5 Bb6+ 44. Kg3 Qh4+ 45. Kf3 Re6 46. Rg3 Qh2
47. Kg4 Ne5+ 48. Kf4 Qf2+ 49. Bf3 Be3# 0-1

[Event "Online Olym Top DivA 2021"]
[Site "chess.com INT"]
[Date "2021.09.09"]
[Round "4.2"]
[Board "6"]
[White "Latifah, Laysa"]
[Black "Kiousi, Panagiota"]
[Result "1-0"]
[WhiteElo "1897"]
[BlackElo "2007"]
[WhiteTeam "Indonesia"]
[BlackTeam "Greece"]
[WhiteFideId "7111541"]
[BlackFideId "25803476"]
[EventDate "2021.09.08"]
[EventType "team"]

1. e4 c5 2. Nf3 d6 3. d4 cxd4 4. Nxd4 Nf6 5. Nc3 a6 6. Bg5 Nbd7 7. Qd2 e6 8. Be2
h6 9. Be3 Qc7 10. f4 b5 11. Bf3 Bb7 12. O-O b4 13. Nce2 Nxe4 14. Qxb4 d5 15. Qe1
Bc5 16. c3 O-O 17. Ng3 Ndf6 18. Kh1 Nd6 19. Rd1 Nc4 20. Bc1 a5 21. Nh5 Nxh5 22.
Bxh5 Nd6 23. Qe5 Rac8 24. Bg4 Bxd4 25. Qxd4 f5 26. Bf3 Ne4 27. Be3 Ba6 28. Rfe1
Rb8 29. Rb1 Rfd8 30. Rec1 Qc6 31. Rg1 Bc4 32. b3 Ba6 33. Rbc1 Rdc8 34. g4 Rb7
35. Qe5 Qd6 36. gxf5 Qxe5 37. fxe5 exf5 38. Rg6 Bd3 39. Bd4 f4 40. Rcg1 Kh7 41.
e6 Ng5 42. R6xg5 hxg5 43. Bxd5 Re7 44. Rxg5 Rd8 45. Kg1 Kh6 46. Re5 g5 47. c4
Bh7 48. Bc5 Ree8 49. e7 Rd7 50. Bc6 Rd1+ 51. Kf2 Rxe7 52. Bxe7 Rd2+ 53. Re2 Rd1
54. Bd5 Bd3 55. Re6+ Kh5 56. Bf3+ g4 57. Bxd1 f3 58. Re5+ 1-0

[Event "Online Olym Top DivA 2021"]
[Site "chess.com INT"]
[Date "2021.09.09"]
[Round "4.3"]
[Board "1"]
[White "Maghsoodloo, Parham"]
[Black "Batchuluun, Tsegmed"]
[Result "1-0"]
[WhiteTitle "GM"]
[BlackTitle "GM"]
[WhiteElo "2695"]
[BlackElo "2536"]
[WhiteTeam "Iran"]
[BlackTeam "Mongolia"]
[WhiteFideId "12539929"]
[BlackFideId "4900847"]
[EventDate "2021.09.08"]
[EventType "team"]

1. d4 Nf6 2. c4 e6 3. Nf3 d5 4. g3 dxc4 5. Bg2 Nc6 6. Qa4 Bb4+ 7. Bd2 Nd5 8. Qc2
Nb6 9. O-O Bxd2 10. Qxd2 O-O 11. Qc3 e5 12. dxe5 Qe7 13. Nbd2 Re8 14. Rfd1 Nxe5
15. Nxe5 Qxe5 16. Qxe5 Rxe5 17. Nxc4 Re8 18. Na5 c6 19. e4 Rb8 20. f4 Bg4 21.
Rd6 f6 22. h3 Be6 23. b3 Kf8 24. Rad1 Ke7 25. Kf2 Rec8 26. h4 Rc7 27. Bf3 Re8
28. g4 h6 29. g5 hxg5 30. hxg5 Nc8 31. R6d2 b6 32. Nc4 fxg5 33. fxg5 Bxc4 34.
bxc4 Kf7 35. Kg3 Kg6 36. Kh4 Rh8+ 37. Kg4 Re7 38. Rd8 Ree8 39. Rxe8 Rxe8 40. Rd7
c5 41. Rc7 Kh7 42. e5 Ne7 43. Be4+ Kg8 44. e6 a6 45. a4 Kf8 46. Kf4 Rb8 47. Ke5
b5 48. cxb5 axb5 49. a5 b4 50. a6 Nc8 51. Rb7 Ra8 52. Rf7+ 1-0

[Event "Online Olym Top DivA 2021"]
[Site "chess.com INT"]
[Date "2021.09.09"]
[Round "4.3"]
[Board "2"]
[White "Nasanjargal, Urtnasan"]
[Black "Idani, Pouya"]
[Result "1/2-1/2"]
[WhiteTitle "GM"]
[BlackTitle "GM"]
[WhiteElo "2460"]
[BlackElo "2627"]
[WhiteTeam "Mongolia"]
[BlackTeam "Iran"]
[WhiteFideId "4900774"]
[BlackFideId "12510130"]
[EventDate "2021.09.08"]
[EventType "team"]

1. c4 e5 2. Nc3 d6 3. d4 exd4 4. Qxd4 Nc6 5. Qd2 Nf6 6. g3 a5 7. Bg2 a4 8. Rb1
g6 9. b3 axb3 10. axb3 Bg7 11. Nh3 O-O 12. O-O Re8 13. Re1 Bf5 14. e4 Bxh3 15.
Bxh3 Nd7 16. Bg2 Nd4 17. Ne2 Nxe2+ 18. Rxe2 Nc5 19. Qc2 Ne6 20. Be3 Nd4 21. Bxd4
Bxd4 22. b4 Ra3 23. Qd1 Qf6 24. Rd2 Bc3 25. Rd3 Rea8 26. Qf3 Ra1 27. Rxa1 Rxa1+
28. Bf1 Qxf3 29. Rxf3 Bxb4 30. Rb3 Ra4 31. Kg2 b6 32. Rb2 Bc5 33. Rc2 Ra3 34. h4
Kg7 35. Re2 Rc3 36. Ra2 h5 37. Be2 Ba3 38. Bd1 Bc5 39. Be2 Kf6 40. Rd2 Ra3 41.
f4 Rc3 42. Rd5 Rc2 43. Kf3 c6 44. Rd1 Ra2 45. Rd3 Ke7 46. Rd1 Kf6 47. Rd3 b5 48.
cxb5 cxb5 49. Rd5 Ra3+ 50. Rd3 Ra1 51. Rd1 Ra5 52. Rd5 Ke6 53. g4 hxg4+ 54. Kxg4
b4 55. Bc4 Ke7 56. h5 gxh5+ 57. Rxh5 Ra7 58. Kf5 Bd4 59. Rh7 Kf8 60. Bd5 Bg7 61.
Rh1 Ra5 62. Rb1 Bc3 63. Kg4 Kg7 64. Rh1 Bd4 65. Rh5 Ra3 66. Rg5+ Kf8 67. Rf5 Ra7
68. Rh5 Rc7 69. Rh1 Rc2 70. Rb1 Bc3 71. Kf5 Rh2 72. Rg1 Rh6 73. Rg2 Rf6+ 74. Kg4
Rg6+ 75. Kf3 Rh6 76. Ra2 Kg7 77. Ra7 Rf6 78. Ke3 Kf8 79. Ra8+ Kg7 80. Ra7 Bb2
81. f5 Bc3 82. Rb7 Kf8 83. Kf4 Bd2+ 84. Kg4 Kg7 85. Kf3 Bc3 86. Ke3 Kf8 87. Kd3
Kg7 88. Kc4 Kh6 89. Bxf7 Kg5 1/2-1/2

[Event "Online Olym Top DivA 2021"]
[Site "chess.com INT"]
[Date "2021.09.09"]
[Round "4.3"]
[Board "3"]
[White "Khademalsharieh, Sarasadat"]
[Black "Munguntuul, Batkhuyag"]
[Result "1-0"]
[WhiteTitle "IM"]
[BlackTitle "IM"]
[WhiteElo "2490"]
[BlackElo "2433"]
[WhiteTeam "Iran"]
[BlackTeam "Mongolia"]
[WhiteFideId "12512214"]
[BlackFideId "4900758"]
[EventDate "2021.09.08"]
[EventType "team"]

1. d4 d5 2. c4 c6 3. Nf3 Nf6 4. e3 Bf5 5. Nc3 e6 6. Nh4 Be4 7. f3 Bg6 8. Qb3 Qc7
9. Bd2 Be7 10. Nxg6 hxg6 11. O-O-O a6 12. cxd5 cxd5 13. Kb1 Nc6 14. Rc1 Nd7 15.
Qd1 Rxh2 16. Rxh2 Qxh2 17. e4 Nxd4 18. Be3 Nc6 19. exd5 Nd8 20. Qa4 Rc8 21. Rd1
Qc7 22. Bf4 e5 23. Be3 Bd6 24. Qh4 f6 25. Bd3 Kf7 26. Rc1 Qa5 27. Bxg6+ Ke7 28.
Qh8 Ne6 29. Qxc8 Nd8 30. Bf5 1-0

[Event "Online Olym Top DivA 2021"]
[Site "chess.com INT"]
[Date "2021.09.09"]
[Round "4.3"]
[Board "4"]
[White "Batchimeg, Tuvshintugs"]
[Black "Alinasab, Mobina"]
[Result "1/2-1/2"]
[WhiteTitle "IM"]
[BlackTitle "WIM"]
[WhiteElo "2355"]
[BlackElo "2309"]
[WhiteTeam "Mongolia"]
[BlackTeam "Iran"]
[WhiteFideId "4900839"]
[BlackFideId "12528897"]
[EventDate "2021.09.08"]
[EventType "team"]

1. d4 d5 2. c4 e6 3. Nc3 c5 4. cxd5 exd5 5. e3 Nf6 6. Nf3 a6 7. Be2 Be7 8. O-O
O-O 9. dxc5 Bxc5 10. Nd4 b5 11. Bf3 Bb7 12. a3 Ne4 13. Nce2 Nd7 14. b4 Bb6 15.
Bb2 Ne5 16. Bxe4 dxe4 17. Nf5 Qf6 18. Qd6 Qxf5 19. Qxb6 Nc4 20. Qxb7 Nxb2 21.
Ng3 Qe6 22. Qxe4 Qxe4 23. Nxe4 Rac8 24. Rfc1 Rfd8 25. Nc5 Rc6 26. Rc2 Nc4 27. a4
h6 28. axb5 axb5 29. g3 Rcd6 30. Kg2 Rd2 31. Rxd2 Rxd2 32. Ra8+ Kh7 33. Re8 Rb2
34. Na6 Kg6 35. h4 f5 36. e4 Kf7 37. Nc7 fxe4 38. Rxe4 Rxb4 39. Nxb5 Rxb5 40.
Rxc4 h5 41. Rc7+ Kf6 42. Rc6+ Kf7 43. Kh3 g6 44. Rc4 Rb3 45. Rf4+ Kg7 46. f3 Rc3
47. g4 hxg4+ 48. Kxg4 Rc1 49. Rd4 Rg1+ 50. Kf4 Kf6 51. Rd6+ Kf7 52. Rb6 Kg7 53.
Rb5 Kf6 54. Rb7 Rh1 55. Rh7 Ra1 56. h5 Ra4+ 57. Kg3 gxh5 58. Rxh5 Kg6 59. Rc5
Rb4 60. Rc6+ Kf5 61. Rc5+ Kf6 62. f4 Rb1 63. Rc6+ Kf5 64. Rc5+ Kf6 65. Rc6+ Kf5
66. Rc5+ Kf6 1/2-1/2

[Event "Online Olym Top DivA 2021"]
[Site "chess.com INT"]
[Date "2021.09.09"]
[Round "4.3"]
[Board "5"]
[White "Tabatabaei, M. Amin"]
[Black "Batsuren, Dambasuren"]
[Result "1/2-1/2"]
[WhiteTitle "GM"]
[BlackTitle "GM"]
[WhiteElo "2624"]
[BlackElo "2501"]
[WhiteTeam "Iran"]
[BlackTeam "Mongolia"]
[WhiteFideId "12521213"]
[BlackFideId "4902920"]
[EventDate "2021.09.08"]
[EventType "team"]

1. d4 Nf6 2. Nf3 b6 3. c4 Bb7 4. g3 e6 5. Bg2 Bb4+ 6. Bd2 Be7 7. Nc3 O-O 8. O-O
d5 9. cxd5 exd5 10. Ne5 Na6 11. Rc1 c5 12. Bf4 Nc7 13. dxc5 bxc5 14. Qb3 Rb8 15.
Rfd1 Bd6 16. Qa4 Qe7 17. Nd3 Bxf4 18. Nxf4 d4 19. Nb1 Bxg2 20. Kxg2 Ncd5 21.
Nxd5 Nxd5 22. Qc4 Qe4+ 23. Kg1 Rxb2 24. Qxc5 Ne3 25. f3 Qe6 26. Rxd4 Qh3 27. Kf2
Nf5 28. Re4 Qxh2+ 29. Ke1 Qxg3+ 30. Qf2 Qg5 31. Qc5 g6 32. Rg4 Qh5 33. Nc3 Qh1+
34. Qg1 Qxg1+ 35. Rxg1 Rc8 36. Kf2 h5 37. a4 Rc4 38. Ne4 Rxa4 39. Nf6+ Kf8 40.
Rc8+ Ke7 41. Nd5+ Ke6 42. Nc3 Rd4 43. Ra1 Rd7 44. Ra6+ Rb6 45. Ra4 Kf6 46. Ra8
Rb2 47. R8xa7 Rxa7 48. Rxa7 h4 49. Ne4+ Kg7 50. Ng5 Nd4 51. Rxf7+ Kh6 52. f4
Rxe2+ 53. Kf1 Kh5 54. Rd7 Rd2 55. Ne4 Rd1+ 56. Kg2 g5 57. fxg5 Nf5 58. Rf7 Ne3+
59. Kf3 Rf1+ 60. Nf2 Ng4 61. Rh7+ Kg6 62. Rxh4 Nxf2 63. Kg2 Rh1 64. Rh6+ Rxh6
65. gxh6 Kxh6 1/2-1/2

[Event "Online Olym Top DivA 2021"]
[Site "chess.com INT"]
[Date "2021.09.09"]
[Round "4.3"]
[Board "6"]
[White "Munkhzul, Davaakhuu"]
[Black "Asadi, Motahare"]
[Result "1-0"]
[WhiteTitle "WFM"]
[BlackTitle "WFM"]
[WhiteElo "1991"]
[BlackElo "2093"]
[WhiteTeam "Mongolia"]
[BlackTeam "Iran"]
[WhiteFideId "4902815"]
[BlackFideId "12561932"]
[EventDate "2021.09.08"]
[EventType "team"]

1. e4 e5 2. Nf3 Nf6 3. d4 Nxe4 4. Bd3 d5 5. Nxe5 Bd6 6. O-O O-O 7. Nc3 f6 8.
Nxe4 Bxe5 9. dxe5 dxe4 10. Bc4+ Kh8 11. Qxd8 Rxd8 12. exf6 gxf6 13. Bf4 Bg4 14.
Rfe1 Nc6 15. c3 f5 16. Bxc7 Rd2 17. b4 Re8 18. Bf4 Rc2 19. Rec1 Rxc1+ 20. Rxc1
Ne5 21. Bb5 Re6 22. Re1 a6 23. Bf1 Ng6 24. Be3 Rc6 25. c4 Rd6 26. c5 Rd7 27. Bc4
Ne5 28. Bb3 Nd3 29. Bd2 h6 30. Rf1 Kh7 31. h3 Be2 32. Be6 Rd8 33. Bxf5+ Kg7 34.
Bc3+ Kf7 35. Rb1 Re8 36. a4 Nf4 37. g3 Bd3 38. Rb3 Ne2+ 39. Kg2 Rd8 40. Bg4 Bc4
41. Ra3 Rd1 42. Bxe2 Bxe2 43. g4 Kg6 44. Kg3 Bf3 45. Be5 Rb1 46. Bc3 Kg5 47.
Bd2+ Kg6 48. Re3 Ra1 49. Rc3 Rxa4 50. c6 bxc6 51. Rxc6+ Kf7 52. Rxh6 Ra2 53. Be3
Rb2 54. Bc5 Be2 55. Kf4 Bd3 56. h4 Rc2 57. g5 a5 58. Rf6+ Kg8 59. Rf8+ Kg7 60.
Rb8 axb4 61. Bd4+ Kg6 62. Rb6+ Kf7 63. Rxb4 Rc6 64. h5 Be2 65. Rb7+ Ke6 66. Rh7
Rc1 67. Kxe4 Rh1 68. h6 Bd1 69. Ra7 Rh4+ 70. Ke3 Bc2 71. Ra6+ Kf7 72. Rc6 Bb1
73. Rc7+ Ke6 74. Bf6 Bg6 75. Rc6+ Kd5 76. Rc1 Ke6 77. f3 Kd5 78. Rd1+ Ke6 79.
Rd4 Rh1 80. Rb4 Rh3 81. Rb6+ Kf7 82. Rb7+ Ke6 83. Re7+ Kf5 84. Re5# 1-0

[Event "Online Olym Top DivA 2021"]
[Site "chess.com INT"]
[Date "2021.09.09"]
[Round "4.4"]
[Board "1"]
[White "Mchedlishvili, Mikheil"]
[Black "Ly, Moulthun"]
[Result "0-1"]
[WhiteTitle "GM"]
[BlackTitle "GM"]
[WhiteElo "2571"]
[BlackElo "2484"]
[WhiteTeam "Georgia"]
[BlackTeam "Australia"]
[WhiteFideId "13600966"]
[BlackFideId "3204405"]
[EventDate "2021.09.08"]
[EventType "team"]

1. d4 Nf6 2. c4 g6 3. Nc3 Bg7 4. e4 d6 5. Nge2 O-O 6. Ng3 Nbd7 7. Be2 e5 8. d5
a5 9. h4 h5 10. Bg5 Re8 11. Qd2 Nf8 12. f3 N8h7 13. Be3 Nd7 14. O-O-O Nc5 15.
Kb1 Bd7 16. Nb5 b6 17. Bf2 a4 18. Bd3 Re7 19. Nc3 Qf8 20. Be3 Nxd3 21. Qxd3 Bh6
22. Rhf1 Qg7 23. a3 Be8 24. Ka2 Nf8 25. Nge2 Bd7 26. f4 exf4 27. Bd4 Qh7 28.
Nxf4 Bg4 29. Rde1 Nd7 30. Qc2 Bg7 31. Nb5 Nc5 32. Re3 Nb3 33. Bc3 Rae8 34. Rfe1
Qh8 35. g3 Bxc3 36. Nxc3 Qd4 37. Nxa4 Nd2 38. Ka1 Nxe4 39. Nc3 Bf5 40. Qc1 Nc5
41. Qd1 Rxe3 0-1

[Event "Online Olym Top DivA 2021"]
[Site "chess.com INT"]
[Date "2021.09.09"]
[Round "4.4"]
[Board "2"]
[White "Chan, Luis"]
[Black "Petriashvili, Nikoloz"]
[Result "0-1"]
[WhiteTitle "FM"]
[BlackTitle "IM"]
[WhiteElo "2262"]
[BlackElo "2432"]
[WhiteTeam "Australia"]
[BlackTeam "Georgia"]
[WhiteFideId "3216357"]
[BlackFideId "13611216"]
[EventDate "2021.09.08"]
[EventType "team"]

1. b3 d5 2. Bb2 c5 3. e3 Nf6 4. f4 g6 5. Nf3 Bg7 6. Be2 O-O 7. O-O Nc6 8. Ne5
Qc7 9. Nxc6 Qxc6 10. c4 Rd8 11. Bf3 Qa6 12. Na3 Bf5 13. d4 cxd4 14. exd4 h5 15.
h3 Be4 16. Be2 dxc4 17. bxc4 Qb6 18. Bc3 Ne8 19. c5 Qc6 20. Bb5 Qd5 21. Bxe8
Rxe8 22. Qd2 b6 23. cxb6 axb6 24. Nc2 Bxc2 25. Qxc2 Rac8 26. Rf3 Rxc3 27. Rxc3
Qxd4+ 28. Kh1 Qxc3 29. Qxc3 Bxc3 30. Rc1 Bd4 31. Rd1 Bc5 32. g3 Ra8 33. Rd2 Ra3
34. Kg2 e6 35. g4 h4 36. Kh2 Kg7 0-1

[Event "Online Olym Top DivA 2021"]
[Site "chess.com INT"]
[Date "2021.09.09"]
[Round "4.4"]
[Board "3"]
[White "Lomineishvili, Maia"]
[Black "Zhang, Jilin"]
[Result "0-1"]
[WhiteTitle "IM"]
[BlackTitle "WGM"]
[WhiteElo "2342"]
[BlackElo "2245"]
[WhiteTeam "Georgia"]
[BlackTeam "Australia"]
[WhiteFideId "13600656"]
[BlackFideId "8602867"]
[EventDate "2021.09.08"]
[EventType "team"]

1. e4 c5 2. Nf3 d6 3. g3 Nf6 4. Qe2 Nc6 5. Bg2 g6 6. O-O Bg7 7. c3 O-O 8. h3 Nd7
9. Rd1 Rb8 10. d4 cxd4 11. cxd4 b5 12. Bg5 Re8 13. Nc3 b4 14. Nd5 Nb6 15. Rac1
Bb7 16. Nxb6 Qxb6 17. Qd2 Rbc8 18. Be3 Qa5 19. d5 Ne5 20. Nxe5 Bxe5 21. a3 Rxc1
22. Rxc1 Rc8 23. Rxc8+ Bxc8 24. axb4 Qa2 25. Qc2 Ba6 26. Qc7 Kg7 27. Qxa7 Qb1+
28. Kh2 Bd3 29. Qxe7 Qxb2 30. Qh4 h5 31. Qd8 Qxb4 32. Qh4 Qb2 33. Qg5 Qc2 34.
Qh4 Bf6 35. Qf4 Be5 36. Qf3 Be2 37. Bh6+ Kxh6 38. Qe3+ Kg7 39. h4 Qd3 40. Qc1
Bf3 41. Bxf3 Qxf3 42. Qc2 Bd4 43. Kg1 Qxg3+ 44. Kf1 Qxh4 45. Qd2 Qxf2+ 46. Qxf2
Bxf2 47. Kxf2 Kf6 48. Kf3 Ke5 49. Ke3 g5 50. Kf3 g4+ 51. Ke3 h4 0-1

[Event "Online Olym Top DivA 2021"]
[Site "chess.com INT"]
[Date "2021.09.09"]
[Round "4.4"]
[Board "4"]
[White "Nguyen, Thu Giang"]
[Black "Purtseladze, Maka"]
[Result "1-0"]
[WhiteTitle "WFM"]
[BlackTitle "IM"]
[WhiteElo "2119"]
[BlackElo "2274"]
[WhiteTeam "Australia"]
[BlackTeam "Georgia"]
[WhiteFideId "12400980"]
[BlackFideId "13602659"]
[EventDate "2021.09.08"]
[EventType "team"]

1. e4 c6 2. d4 d5 3. f3 e6 4. Nc3 Bb4 5. Ne2 Ne7 6. Bg5 O-O 7. Qd3 b6 8. O-O-O
Ba6 9. Qe3 Nd7 10. a3 Bxc3 11. Nxc3 Bxf1 12. Rdxf1 b5 13. exd5 cxd5 14. Bxe7
Qxe7 15. Nxd5 Qd6 16. Nf4 Rfc8 17. h4 Nb6 18. Qe5 Qxe5 19. dxe5 Rc4 20. Nd3 Rac8
21. Rf2 a5 22. Kb1 Nd5 23. g3 b4 24. axb4 axb4 25. Re1 Rb8 26. Re4 Rc6 27. Rd4
Rb5 28. Nf4 Kf8 29. Nxd5 exd5 30. Rfd2 Rcc5 31. Rf4 Ke7 32. Rdd4 b3 33. cxb3
Rxb3 34. Rb4 Rxb4 35. Rxb4 Ke6 36. f4 h5 37. Rb7 d4 38. b4 Rc3 39. Kb2 Rxg3 40.
b5 Rg2+ 41. Kc1 d3 42. Rb6+ Kf5 43. Rd6 Ke4 44. b6 Rc2+ 45. Kb1 Rc4 46. Kb2 Ke3
47. f5 Rc8 48. e6 fxe6 49. fxe6 d2 50. e7 Rb8 51. Re6+ Kd3 52. e8=Q 1-0

[Event "Online Olym Top DivA 2021"]
[Site "chess.com INT"]
[Date "2021.09.09"]
[Round "4.4"]
[Board "5"]
[White "Kacharava, Nikolozi"]
[Black "Winkelman, Albert"]
[Result "1-0"]
[WhiteTitle "IM"]
[BlackTitle "FM"]
[WhiteElo "2453"]
[BlackElo "2257"]
[WhiteTeam "Georgia"]
[BlackTeam "Australia"]
[WhiteFideId "13611860"]
[BlackFideId "3219941"]
[EventDate "2021.09.08"]
[EventType "team"]

1. e4 e5 2. Nf3 Nc6 3. Bc4 Nf6 4. Ng5 d5 5. exd5 Na5 6. Bb5+ c6 7. dxc6 bxc6 8.
Bd3 Nd5 9. Nf3 Bd6 10. O-O f5 11. Nxe5 Nf4 12. Nc4 Nxc4 13. Bxc4 Qh4 14. Qf3 Be6
15. Qxc6+ Ke7 16. g3 Nh3+ 17. Kg2 Qxc4 18. Qxc4 Bxc4 19. Re1+ Kf6 20. Kxh3 Rae8
21. Rg1 Bd5 22. Nc3 Bf3 23. Nb5 Bc5 24. d4 Be7 25. Bf4 g5 26. Be5+ Kg6 27. g4 f4
28. Bxh8 Rxh8 29. Rg3 fxg3 30. Kxg3 Bc6 31. Re1 Kf7 32. c4 Bxb5 33. cxb5 Rd8 34.
Rd1 Rd5 35. a4 Bf6 36. f4 Ke6 37. fxg5 Bxd4 38. Re1+ Be5+ 39. Kf3 Rd3+ 40. Re3
Rd4 41. b3 Rf4+ 42. Kg3 Kd5 43. Kh4 Kd4 44. Re1 Rf3 45. Rd1+ Ke4 46. g6 hxg6 47.
Kg5 Rf6 48. Re1+ Kd5 49. h4 Re6 50. Rf1 Kc5 51. Rf7 Kb6 52. h5 gxh5 53. gxh5 Bd4
54. Rd7 Be3+ 55. Kf5 Re8 56. Rd6+ Kc5 57. Rd3 Kb4 58. Kg6 Re5 59. h6 Re6+ 60.
Kf5 Re8 61. h7 Bc1 62. Kg6 Bb2 63. Rd7 Ra8 64. Rd3 Ba1 65. Rg3 Rh8 66. Kh6 Bb2
67. Rg8 Kxb3 68. a5 Kc4 69. b6 axb6 70. axb6 1-0

[Event "Online Olym Top DivA 2021"]
[Site "chess.com INT"]
[Date "2021.09.09"]
[Round "4.4"]
[Board "6"]
[White "Cheng, Chao Xin"]
[Black "Pipia, Ekaterine"]
[Result "1-0"]
[WhiteElo "1731"]
[BlackElo "1889"]
[WhiteTeam "Australia"]
[BlackTeam "Georgia"]
[WhiteFideId "3232468"]
[BlackFideId "13614576"]
[EventDate "2021.09.08"]
[EventType "team"]

1. e4 c5 2. Nf3 d6 3. c3 Nf6 4. Be2 g6 5. O-O Bg7 6. Re1 O-O 7. Bc4 Nc6 8. Bb3
b5 9. d4 cxd4 10. Nxd4 Nxd4 11. cxd4 Bb7 12. f3 Rc8 13. Be3 a5 14. a3 h5 15. Nc3
b4 16. axb4 axb4 17. Ne2 Ra8 18. Qd2 Ba6 19. Nf4 Kh7 20. Qxb4 Rb8 21. Qc3 Qb6
22. Bd1 Rfc8 23. Qd2 Bc4 24. b3 Bb5 25. d5 Qb7 26. Ra7 Nd7 27. Rxb7 Rxb7 28. Bd4
Bh6 29. g3 Nc5 30. Bxc5 Rxc5 31. Qa2 Bd7 32. Be2 Rc3 33. Rb1 Rbc7 34. b4 Rc2 35.
Rb2 Rc1+ 36. Kf2 Bg7 37. Rd2 Bc3 38. Rd1 Bxb4 39. Rxc1 Rxc1 40. Nd3 Bc5+ 41.
Nxc5 Rxc5 42. Qa7 Bb5 43. Bxb5 Rxb5 44. Qxe7 Rb2+ 45. Ke3 Kg7 46. Qxd6 Rxh2 47.
Qe5+ f6 48. Qe7+ 1-0